| 000 | 00399nam a2200157 i 4500 | ||
|---|---|---|---|
| 001 | 98253 | ||
| 003 | ES-MaACL | ||
| 005 | 20230906182238.0 | ||
| 007 | t| | ||
| 008 | 050727s1971 sp ||||1| spa d | ||
| 100 | 1 |
_aMartel, J. _977153 |
|
| 245 | 1 | 0 |
_aCuando dos se aman / _cJ. Martel. |
| 260 |
_aBilbao : _bMensajero, _c1971. |
||
| 300 |
_a137 p. ; _c19 cm. |
||
| 852 |
_aES-MaACL _jC-48111 _bR.77098 |
||
| 999 |
_c98253 _d98253 |
||